UM Logo

Students' preferences on teachers' attributes: (Record no. 12386)

MARC details
000 -LEADER
fixed length control field 00650nam a22001697a 4500
008 - FIXED-LENGTH DATA ELEMENTS--GENERAL INFORMATION
fixed length control field 190124b ||||| |||| 00| 0 eng d
082 ## - DEWEY DECIMAL CLASSIFICATION NUMBER
Edition number 2018
Classification number UT 1169
Item number O42
100 ## - MAIN ENTRY--PERSONAL NAME
Personal name Olayvar, Ella A.
9 (RLIN) 34948
245 ## - TITLE STATEMENT
Title Students' preferences on teachers' attributes:
Remainder of title an exploratory factor analysis /
Statement of responsibility, etc. Ella A. Olayvar, Jonamae C. Pacanza, and Sheila Mae N. Rollon
260 ## - PUBLICATION, DISTRIBUTION, ETC. (IMPRINT)
Place of publication, distribution, etc. Digos City:
Name of publisher, distributor, etc. UMDC
Date of publication, distribution, etc. November 2018.
300 ## - PHYSICAL DESCRIPTION
Extent 68 pages;
Dimensions 30 cm.
650 ## - SUBJECT ADDED ENTRY--TOPICAL TERM
Topical term or geographic name as entry element Education
Form subdivision Mathematics
General subdivision Undergraduate thesis.
9 (RLIN) 34949
700 ## - ADDED ENTRY--PERSONAL NAME
Personal name Olayvar, Ella A.
9 (RLIN) 34948
700 ## - ADDED ENTRY--PERSONAL NAME
Personal name Pacanza, Jonamae C.
9 (RLIN) 34950
700 ## - ADDED ENTRY--PERSONAL NAME
Personal name Rollon, Sheila Mae N.
9 (RLIN) 34951
942 ## - ADDED ENTRY ELEMENTS (KOHA)
Source of classification or shelving scheme Dewey Decimal Classification
Koha item type Undergraduate Thesis
Holdings
Withdrawn status Lost status Source of classification or shelving scheme Damaged status Not for loan Home library Current library Date acquired Total Checkouts Full call number Barcode Date last seen Price effective from Koha item type
    Dewey Decimal Classification     UM Digos College - LIC UM Digos College - LIC 01/15/2019   UT 1169 O42 1169 05/15/2025 01/24/2019 Undergraduate Thesis